M. Fabii Qvintiliani Rhetoris Clarissimi, Oratoriarvm Institutionũ libri XII. doctisimorum uirorũ, Ioachimi Camerarij, Ioannis Sichardi, aliorumque opera ac studio, iam olim partim ex meliorum codicum colatione restituti sibi, partim Annotationibus illustrati. In quibus nunc postremò, praeter sparsim adiectas Gul. Philandri Castilionei Castigationes, innumera menda, quae Lectorem remorari poterant, sublata sunt: multorumq́; locorum emendatior lectio ex doctißimis ueterum scriptorum censoribus constituta est, studio Iacobi Hertelij Curiensis. Accessit Rerum & uerborum memorabilium locupletissimus Index

Bibliographic Details
Main Author: Quintilianus, Marcus Fabius, 35/40-asi 96 (Author)
Corporate Author: Brylinger, Nikolaus - dedičia (Bazilej, Švajčiarsko) (Printer)
Other Authors: Brylinger, Nikolaus, dedičia, 16. storočie (Printer), Camerarius, Joachim (Compiler), Sichard, Johann, 1499-1552 (Compiler), Hertel, Jakob, 1536-1564 (Dedicator, Compiler), Philandrier, Guillaume (Compiler)
Format: Book
Language:Latin
PhysicalDescription:[8], 728 [správne 782] , [36] s. 8° 17,5 x 11,5 cm
Published: Basileae Apud Haeredes Nicolai Brylingeri Anno M.D.LXVIII. [=1568]
Subjects:

MARC

LEADER 00000nam a22000005a 4500
001 vtls010680617
003 SK-MaSNL
005 20260302051552.0
008 251112s1568 sz 000 0 lat
015 |a SNBHFA1568 
035 |a A8FBCD69-8CF8-4949-AE1A-3E4F48321676 
035 |a urn:nbn:sk:snk-am3ha84 
035 |a urn:nbn:sk:snk-am00crek 
040 |a SNKHF  |b slo  |c SNK  |e AACR2 
041 0 |a lat 
044 |a sz  |c CH 
072 7 |a 808  |x Literárny štýl. Literárna činnosť a technika. Efektívne využívanie jazyka. Spisovateľská činnosť  |2 konspekt 
080 |a 808.5  |2 2011 
100 1 |a Quintilianus, Marcus Fabius,  |d 35/40-asi 96  |4 aut  |9 67282 
245 1 0 |a M. Fabii Qvintiliani Rhetoris Clarissimi, Oratoriarvm Institutionũ libri XII.  |b doctisimorum uirorũ, Ioachimi Camerarij, Ioannis Sichardi, aliorumque opera ac studio, iam olim partim ex meliorum codicum colatione restituti sibi, partim Annotationibus illustrati. In quibus nunc postremò, praeter sparsim adiectas Gul. Philandri Castilionei Castigationes, innumera menda, quae Lectorem remorari poterant, sublata sunt: multorumq́; locorum emendatior lectio ex doctißimis ueterum scriptorum censoribus constituta est, studio Iacobi Hertelij Curiensis. Accessit Rerum & uerborum memorabilium locupletissimus Index  |c Marcus Fabius Quintilianus 
246 3 0 |a Qvintiliani Rhetoris Clarissimi, Oratoriarvm Institutionũ libri XII. 
260 |a Basileae  |b Apud Haeredes Nicolai Brylingeri  |c Anno M.D.LXVIII. [=1568] 
300 |a [8], 728 [správne 782] , [36] s.  |c 8°  |c 17,5 x 11,5 cm 
500 |a Iniciálky s ornamentálny a figurálnym pozadím v rámčeku na 3-4, 6 r., marginálie, kustody 
501 |a Príväzok 1.: QUINTILIANUS, Marcus Fabius: Declamationum liber. Basileae: apud Nicolaum Brylin., Anno M.D.LXIII. [=1563]. 8°.  |5 SNK ID 99065 D1 
508 |a Ded.: Hertel, Jakob; Mylandt, Johann Fridrich 
510 4 |a VD 16 Q/101 
561 |a Proveniencia: Balthasaris Bachmanni Vlnensis. - Sum ex libris Eliae Vejels Vlm. ab 1692 die 9. Aprilis.  |5 SNK ID 99065 
561 |a D1: Proveniencia: pečiatka Dr. E. Kadarász - ver. not. poz. Margity Zayovej Čís. 5940. - nečitateľný supralibros [...] 1575.  |5 SNK ID 99065 D1 
563 |a Väzba: pôvodná, renesančná, bledohnedá koža s ornamentálnou slepotlačou, na prednej doske erb a rok 1577, stopy po šnúrkach.  |5 ID 99065 
563 |a D1: Väzba: pôvodná, renesančná, bledohnedá koža s ornamentálnou a figurálnou slepotlačou, drevené dosky, na chrbte č. 6088, poškodené spony.  |5 SNK ID 99065 D1 
650 0 7 |a rímske rečníctvo  |2 SNK  |9 351582 
650 0 7 |a rétorika  |2 SNKPH  |9 989 
700 1 |a Brylinger, Nikolaus,  |c dedičia,  |d 16. storočie  |4 prt  |9 72087 
700 1 |a Camerarius, Joachim  |4 com  |9 304747 
700 1 |a Sichard, Johann,  |d 1499-1552  |4 com  |9 130576 
700 1 |a Hertel, Jakob,  |d 1536-1564  |4 dto  |4 com  |9 54198 
700 1 |a Philandrier, Guillaume  |4 com  |9 707380 
700 1 |a Mylandt, Johann Fridrich  |4 hnr  |9 707381 
700 1 |a Buchmann, Balthasar  |4 sgn  |9 707382 
700 1 |a Vejels, Elias  |4 sgn  |9 707383 
700 1 |a Zaiová, Margita,  |d 1868-1937  |4 sgn  |9 186369 
700 1 |a Kadarász, Ernest  |4 oth  |9 302455 
710 2 |a Brylinger, Nikolaus - dedičia (Bazilej, Švajčiarsko),  |d 1565-1600  |4 prt  |9 339035 
752 |a Švajčiarsko  |d Basel 
852 |a SNK  |b Zaiova knižnica: Zay M 6088  |p ID 99065 D1 
852 |a SNK  |p ID 99065 
958 |a ONDV 
999 |c 1101689  |d 1103619 
952 |a SNK  |b SNK  |c SNK_HF  |y PREZ  |7 0  |p 17A1123439  |o snkID 99065  |i snk2015/16372  |8 3  |g 1600.00  |0 0  |1 0  |4 0  |d 2015-05-21  |l 0  |r 2026-02-24 17:33:17  |w 2026-02-24 
952 |t Zay 6088  |a SNK  |b SNK  |c SNK_HF  |y PREZ  |7 0  |p 17A1300015  |o snkID 99065 D1  |i snk2018/5509  |8 5  |z Príväzky:1  |0 0  |1 0  |4 0  |d 2018-03-06  |f 1  |l 0  |r 2026-02-24 17:33:17  |w 2026-02-24